000 00721nam a22002297a 4500
999 _c15338
_d15338
003 AR-CdUCM
008 190422b ||||| |||| 00| 0 spa d
020 _a978-607-616-498-1
040 _aMUNICIPALIDAD PROVINCIAL DEL CUSCO
_cBIBLIOTECA MUNICIPAL DEL CUSCO
082 _aPI / 808.8 /
_bL33
100 _aLe, Khoa.
_925148
245 _aSol y luna /
260 _aMéxico :
_bSilver Dolphin,
_c2014.
300 _bilustraciones,
_c26 cm.
440 _aCuentos fantásticos.
_925149
650 _aCuento infantil
_93319
650 _aPrimera infancia
_924660
650 _aLiteratura infantil
_9588
700 _aCaballero del Moral, Samantha (traductora)
_926625
942 _2ddc
_cLIBROS
945 _arum
_d2019-04-26